000 nam a22 a 4500
999 _c61273
_d61273
003 BLK
005 20230421100909.0
008 180408b bul|||||r ||||||| ||bul||
010 _aKNG00065469000
040 _aBLK
041 _aBUL
_cBUL
080 _aТърговско право
_b347.7
_z347.7
100 1 _aДиков, Любен Ангелов
_eпърви автор
_9290381
139 _aДиков, Любен Ангелов
_bД 54
245 1 0 _aКурс по търговско право
_bТ. 1 - 2
_cЛюбен Ангелов Диков.
_nТ. 1.
250 _a3. фототип. изд
257 _aBGR
260 _aСофия
_bУнив. изд. Св. Климент Охридски
_c1992
300 _c24 см
380 _a3
500 _a1. изд. 1925 г. със загл. Търговско право изд. на Свободен унив. за полит. и стоп. науки отпеч. в 1 кн. - 1 565 тир.
650 4 _aТърговско право
_9248222
653 _aтърговско право
760 1 _aДиков, Любен Ангелов
_b3. фототип. изд
_hХV, 500 с.
_tТ. 1.
852 _aЦб 173533
_bЦб
856 4 _qpdf
_i0.00
_ldisable
856 4 _qpdf
_i0.00
_ldisable
942 _cKNG
_n0
_01
_s1
944 _aCR
_c13.06.2004
_kКети_Илиева
944 _aED
_c07.10.2016
999 _d61273